| 000 | 01208cam a22003135a 4500 | ||
|---|---|---|---|
| 001 | 16631497 | ||
| 003 | EG-ScBUE | ||
| 005 | 20220626113939.0 | ||
| 008 | 110131s2011 nyua f b 001 0 eng d | ||
| 020 | _a9780415882323 (pbk. : alk. paper) | ||
| 040 |
_aDLC _beng _erda _cDLC _dEG-ScBUE _dEG-ScBUE |
||
| 082 | 0 | 4 |
_a428.24071 _bCAS _222 |
| 245 | 0 | 0 |
_aCase studies in language curriculum design : _bconcepts and approaches in action around the world / _cedited by John Macalister and I. S. P. Nation. |
| 264 | 1 |
_aNew York ; _aLondon : _bRoutledge, _c2011. |
|
| 300 |
_axii, 210 pages : _billustrations ; _c24 cm. |
||
| 336 |
_2rdacontent _atext _btxt |
||
| 337 |
_2rdamedia _aunmediated _bn |
||
| 338 |
_2rdacarrier _avolume _bnc |
||
| 490 | 0 | _aESL & applied linguistics professional series | |
| 504 | _aIncludes bibliographical references and index. | ||
| 650 | 7 |
_aEnglish language _xStudy and teaching _xForeign speakers. _2BUEsh |
|
| 650 | 7 |
_aEnglish teachers _xTraining of. _2BUEsh |
|
| 651 | _2BUEsh | ||
| 653 |
_cJuly2015 _cOctober2015 |
||
| 655 |
_vReading book _934232 |
||
| 700 | 1 |
_aMacalister, John, _d1956-, _eeditor. |
|
| 700 | 1 |
_aNation, I. S. P., _eeditor. _99090 |
|
| 942 |
_2ddc _k428.24071 CAS _cBB |
||
| 999 |
_c20385 _d20357 |
||